Land values look set to rise (Record no. 117473)
[ view plain ]
| 000 -LEADER | |
|---|---|
| fixed length control field | 01077cam a2200217 4500 |
| 001 - CONTROL NUMBER | |
| control field | WB4021-17 |
| 008 - FIXED-LENGTH DATA ELEMENTS--GENERAL INFORMATION | |
| fixed length control field | 040603n2004 000 0 eng u |
| 035 ## - SYSTEM CONTROL NUMBER | |
| System control number | (Sirsi) u126411 |
| 245 ## - TITLE STATEMENT | |
| Title | Land values look set to rise |
| 260 ## - PUBLICATION, DISTRIBUTION, ETC. | |
| Date of publication, distribution, etc. | 2004 |
| 490 ## - SERIES STATEMENT | |
| Series statement | Farmers' Weekly |
| Volume/sequential designation | 140(22) 3 June 2004, 86(1) |
| 520 ## - SUMMARY, ETC. | |
| Summary, etc. | Strutt and Parker and FPD Savills predict that land values will continue to rise in the short term, but Savills also forecast a sharp decline in values later. Strutt and Parker's latest "Farmland update" shows the average price for the first quarter of 2004 added another 6% to reach £2 564/acre, the highest level since December 2002. While Savills believe that the price of land could increase by up to 50% in parts of the country over the next couple of years. Strutt and Parker at http://www.struttandparker.co.uk and FPD Savills at http://www.fpdsavills.co.uk |
| 590 ## - LOCAL NOTE (RLIN) | |
| Local note | WB |
| 590 ## - LOCAL NOTE (RLIN) | |
| Local note | WB |
| 650 ## - SUBJECT ADDED ENTRY--TOPICAL TERM | |
| Topical term or geographic name entry element | FARMLAND VALUES |
| 650 ## - SUBJECT ADDED ENTRY--TOPICAL TERM | |
| Topical term or geographic name entry element | LAND VALUES |
| 650 ## - SUBJECT ADDED ENTRY--TOPICAL TERM | |
| Topical term or geographic name entry element | FARMLAND PRICE INDEX |
| 650 ## - SUBJECT ADDED ENTRY--TOPICAL TERM | |
| Topical term or geographic name entry element | GROWTH |
| 690 ## - LOCAL SUBJECT ADDED ENTRY--TOPICAL TERM (OCLC, RLIN) | |
| Topical term or geographic name as entry element | RURAL-MARKET |
| 942 ## - ADDED ENTRY ELEMENTS (KOHA) | |
| Suppress in OPAC | 0 |
| Withdrawn status | Lost status | Source of classification or shelving scheme | Damaged status | Not for loan | Home library | Current library | Shelving location | Date acquired | Total Checkouts | Full call number | Barcode | Date last seen | Copy number | Price effective from | Koha item type |
|---|---|---|---|---|---|---|---|---|---|---|---|---|---|---|---|
| Dewey Decimal Classification | London | London | News article | 03/06/2004 | WB4021-17 | 126411-1001 | 06/08/2019 | 1 | 06/08/2019 | News article |